| 000 | 00848nam a22002415i 4500 | ||
|---|---|---|---|
| 001 | 12392 | ||
| 003 | ES-MaACL | ||
| 005 | 20250718030730.0 | ||
| 008 | 910705s1989 sp ||||0| spa | ||
| 020 | _a84-87137-01-6 | ||
| 080 | _a398.8(649)(082.2) | ||
| 245 | 0 | 0 |
_aRomancero tradicional canario / _c[edición de] Maximiano Trapero. |
| 260 |
_aSanta Cruz de Tenerife : _bViceconsejería de Cultura y Deportes, Gobierno de Canarias, _c1989. |
||
| 300 |
_a241 p ; _c21 cm. |
||
| 490 | 1 |
_aBiblioteca básica canaria ; _v2 |
|
| 504 | _aBibliografía: p. 239-240. | ||
| 650 | 4 |
_aRomances- _zCanarias. _916934 |
|
| 700 | 1 |
_aTrapero, Maximiano, _d1945- _9111229 |
|
| 710 | 1 |
_aCanarias. _bViceconsejería de Cultura y Deportes. _92427 |
|
| 830 | 1 |
_aBiblioteca básica canaria ; _v2 _9177611 |
|
| 852 |
_aES-MaACL _jL-19749 |
||
| 999 |
_c12392 _d12392 |
||